LIBRARY & INFORMATION CENTRE, KCAET, TAVANUR

ONLINE PUBLIC ACCESS CATALOGUE (OPAC)

Handbook of Soil Science (Record no. 14583)

MARC details
000 -LEADER
fixed length control field 00286nam a22001217a 4500
020 ## - INTERNATIONAL STANDARD BOOK NUMBER
ISBN 9788192668970
082 ## - DEWEY DECIMAL CLASSIFICATION NUMBER
Classification number 631.4.
Item number ARV/HA
100 ## - MAIN ENTRY--AUTHOR NAME
Personal name Aravind Kumar Singh
245 ## - TITLE STATEMENT
Title Handbook of Soil Science
260 ## - PUBLICATION, DISTRIBUTION, ETC. (IMPRINT)
Place of publication New Delhi
Name of publisher Agrotech Press
Year of publication 2013
300 ## - PHYSICAL DESCRIPTION
Number of Pages 243
942 ## - ADDED ENTRY ELEMENTS (KOHA)
Koha item type Books
Holdings
Withdrawn status Lost status Damaged status Collection code Home library Current library Shelving location Date acquired Source of acquisition Cost, normal purchase price Full call number Accession Number Koha item type
        KAUAET KAUAET General Stacks 18/07/2016 Ganesh Book Centre 1825.00 631.4. ARV/HA 24861 Books
free website counter